All of the players to ever play in FaZe Clan CS:GO - Statistics

General Stats
  • This quiz has been taken 497 times
  • The average score is 14 of 21
Answer Stats
Answer % Correct
karrigan
99%
rain
97%
broky
95%
ropz
94%
NiKo
91%
Twistzz
90%
olofmeister
89%
GuardiaN
80%
coldzera
76%
allu
57%
kioShiMa
57%
NEO
56%
fox
50%
jkaem
47%
Maikelele
47%
Bymas
46%
AdreN
45%
aizy
44%
Kjaerbye
41%
Xizt
39%
cromen
36%
No matching quizzes found
Score Distribution
Percent of People with Each Score
Percentile by Number Answered
Your Score History
You have not taken this quiz